| 000 | 00927cam a2200229 4500 | ||
|---|---|---|---|
| 001 | ABS61736 | ||
| 008 | 000000n1999 000 0 eng u | ||
| 035 | _a(Sirsi) u103112 | ||
| 100 | _aWaller, B.D. | ||
| 245 | _aElectronic data interchange and electronic commerce: the future of appraising | ||
| 260 | _c1999 | ||
| 490 |
_aAppraisal Journal _v 67(4) October 1999, 370-374(5) |
||
| 520 | _aElectronic data interchange and electronic commerce have greatly increased speed in data entry in many industries. However, the mortgage lending and appraisal industries have not been keen to take them on board.Considers how this is changing in the United States. References. | ||
| 590 | _aABS | ||
| 650 | _aELECTRONIC DATA INTERCHANGE | ||
| 650 | _aELECTRONIC COMMERCE | ||
| 650 | _aREAL ESTATE | ||
| 650 | _aMORTGAGE LENDING | ||
| 650 | _aAPPRAISAL | ||
| 690 | _aPROPERTY-PROPERTY APPRAISAL AND VALUATION | ||
| 942 | _n0 | ||
| 999 |
_c61963 _d61963 |
||